[Event "IND-ch U09 Girls 37th"]
[Site "Pune"]
[Date "2024.12.30"]
[Round "7"]
[White "Divi, Bijesh"]
[Black "Parihaar, Kiyanna"]
[Result "1/2-1/2"]
[WhiteElo "1805"]
[BlackElo "1593"]
[PlyCount "99"]
[EventDate "2024.12.27"]
[EventType "swiss"]
[EventRounds "11"]
[EventCountry "IND"]
[SourceTitle "CB02_2025"]
[SourceDate "2025.01.08"]
[SourceVersion "1"]
[SourceVersionDate "2025.01.08"]
[SourceQuality "1"]

1. e4 e5 2. Nf3 Nc6 3. Bb5 a6 4. Ba4 Nf6 5. d3 d6 6. c3 g6 7. 0-0 Bg7 8. Re1 0-0 9. Nbd2 b5 10. Bc2 a5 11. a4 b4 12. Nf1 Re8 13. Ng3 Be6 14. h3 bxc3 15. bxc3 d5 16. Ng5 d4 17. Nxe6 Rxe6 18. Bb3 Rd6 19. Ba3 Rd7 20. cxd4 Rxd4 21. Bc4 Nb4 22. Bb2 Rd7 23. Re3 Qe7 24. Qb3 Rad8 25. Rd1 Rd6 26. Rf3 c5 27. Rc1 Bh6 28. Rb1 Rb8 29. Qc3 Nc6 30. Ne2 Bg7 31. Bb5 Nb4 32. Qxe5 Qe6 33. Qh2 Nd7 34. Bc4 Nd5 35. Bxd5 Rxd5 36. Nf4 Qe5 37. Nxd5 Rxb2 38. Rxb2 Qxb2 39. Qh1 Bd4 40. Kh2 Ne5 41. Rf6 Nxd3 42. Qf1 Bxf6 43. Nxf6+ Qxf6 44. Qxd3 Qf4+ 45. Kg1 Qc1+ 46. Kh2 Qf4+ 47. Kg1 Qc7 48. Qc4 Qb6 49. Qd5 Qb1+ 50. Kh2 1/2-1/2

[Event "IND-ch U15 Girls 40th"]
[Site "Hosur"]
[Date "2024.11.04"]
[Round "3"]
[White "Pradiksha, PS."]
[Black "Divi, Bijesh"]
[Result "0-1"]
[WhiteElo "1765"]
[BlackElo "1912"]
[PlyCount "50"]
[EventDate "2024.11.03"]
[EventType "swiss"]
[EventRounds "11"]
[EventCountry "IND"]
[SourceTitle "CB45_2024"]
[Source "ChessBase"]
[SourceDate "2024.11.06"]
[SourceVersion "1"]
[SourceVersionDate "2024.11.06"]
[SourceQuality "1"]

1. e4 e5 2. Nf3 Nc6 3. Bc4 Bc5 4. c3 Nf6 5. d3 d6 6. h3 a6 7. 0-0 Ba7 8. d4 0-0 9. Re1 h6 10. b4 Re8 11. Qb3 Qd7 12. dxe5 Nxe5 13. Nxe5 Rxe5 14. Qc2 d5 15. Bb3 Rxe4 16. Rd1 Qe6 17. Rf1 Re2 18. Qd1 Bxf2+ 19. Kh1 Ne4 20. Bf4 Nf6 21. Nd2 Bb6 22. Bh2 Bd7 23. c4 Re8 24. cxd5 Nxd5 25. Ne4 Rxg2 0-1

[Event "IND-ch U11 Girls 37th"]
[Site "Hyderabad"]
[Date "2024.10.05"]
[Round "3"]
[White "Divi, Bijesh"]
[Black "R, Dhanyashree"]
[Result "1-0"]
[WhiteElo "1837"]
[BlackElo "1533"]
[PlyCount "67"]
[EventDate "2024.10.04"]
[EventType "swiss"]
[EventRounds "11"]
[EventCountry "IND"]
[SourceTitle "CB47_2024"]
[SourceDate "2024.11.20"]
[SourceVersion "1"]
[SourceVersionDate "2024.11.20"]
[SourceQuality "1"]

1. e4 c5 2. Nf3 Nc6 3. d4 cxd4 4. Nxd4 Nf6 5. Nc3 e5 6. Ndb5 d6 7. Bg5 a6 8. Na3 b5 9. Nd5 Be7 10. Bxf6 Bxf6 11. c3 Bg5 12. Nc2 Be6 13. a4 Rb8 14. axb5 axb5 15. Ndb4 Ne7 16. Na3 0-0 17. Nxb5 Rb6 18. Be2 f5 19. exf5 Nxf5 20. Nd5 Nh4 21. 0-0 Rc6 22. c4 Bh6 23. Bg4 Bf7 24. b3 Qg5 25. g3 Ng6 26. Bf3 Rc5 27. Nxd6 Qd8 28. Nb7 Qc8 29. Nxc5 Qxc5 30. Qd3 Be6 31. b4 Qc8 32. Be4 Kf7 33. Bxg6+ hxg6 34. Ra7+ 1-0

[Event "IND-ch U11 Girls 37th"]
[Site "Hyderabad"]
[Date "2024.10.05"]
[Round "2"]
[White "Gupta, Ameya"]
[Black "Divi, Bijesh"]
[Result "0-1"]
[WhiteElo "1479"]
[BlackElo "1837"]
[PlyCount "34"]
[EventDate "2024.10.04"]
[EventType "swiss"]
[EventRounds "11"]
[EventCountry "IND"]
[SourceTitle "CB47_2024"]
[SourceDate "2024.11.20"]
[SourceVersion "1"]
[SourceVersionDate "2024.11.20"]
[SourceQuality "1"]

1. e4 e5 2. Nf3 Nc6 3. Bc4 Bc5 4. 0-0 Nf6 5. d3 d6 6. h3 a6 7. a4 Ba7 8. c3 h6 9. b4 0-0 10. Nbd2 Be6 11. Re1 Nh5 12. Nxe5 Qh4 13. Nef3 Qxf2+ 14. Kh2 Bxh3 15. Rg1 Qg3+ 16. Kh1 Bxg1 17. Kxg1 Qxg2# 0-1

[Event "GEO World Cup-B U10 Girls"]
[Site "Batumi"]
[Date "2024.06.23"]
[Round "1"]
[White "Divi, Bijesh"]
[Black "Jaliashvili, Ketevan"]
[Result "1-0"]
[WhiteElo "1639"]
[BlackElo "1418"]
[PlyCount "47"]
[EventDate "2024.06.23"]
[EventType "swiss"]
[EventRounds "7"]
[EventCountry "GEO"]
[SourceTitle "EXT 2025"]
[Source "ChessBase"]
[SourceDate "2024.10.14"]
[SourceVersion "1"]
[SourceVersionDate "2024.10.14"]
[SourceQuality "1"]

1. e4 c5 2. Nf3 e6 3. c3 Nf6 4. e5 Nd5 5. d4 cxd4 6. cxd4 Nc6 7. Nc3 Bb4 8. Bd2 Qb6 9. Nxd5 Bxd2+ 10. Qxd2 exd5 11. Be2 0-0 12. 0-0 Re8 13. Bd3 Kh8 14. Qf4 Nd8 15. Ng5 Qxb2 16. Nxf7+ Kg8 17. Nxd8 Rxd8 18. Qh4 Re8 19. Qxh7+ Kf8 20. Bg6 Ke7 21. Qxg7+ Kd8 22. Qf6+ Re7 23. Rac1 d6 24. Qxd6+ 1-0

[Event "Wch U08 Girls rapid"]
[Site "Batumi"]
[Date "2023.06.08"]
[Round "9"]
[White "Sobirova, Mumtozbegim"]
[Black "Divi, Bijesh"]
[Result "1-0"]
[WhiteElo "1013"]
[BlackElo "1269"]
[PlyCount "127"]
[EventDate "2023.06.06"]
[EventType "swiss (rapid)"]
[EventRounds "11"]
[EventCountry "GEO"]
[SourceTitle "EXT 2024"]
[Source "ChessBase"]
[SourceDate "2023.10.10"]
[SourceVersion "1"]
[SourceVersionDate "2023.10.10"]
[SourceQuality "1"]
[WhiteTeam "Uzbekistan"]
[BlackTeam "Indien"]
[WhiteTeamCountry "UZB"]
[BlackTeamCountry "IND"]

1. d4 d5 2. Nc3 Nf6 3. Bf4 Bf5 4. f3 e6 5. g4 Bg6 6. h4 h6 7. e3 Bd6 8. Nh3 0-0 9. Bd3 Nc6 10. Bxg6 fxg6 11. Qd3 Qe8 12. g5 Nh5 13. gxh6 Bxf4 14. Nxf4 Nxf4 15. exf4 Nb4 16. h7+ Kxh7 17. Qd2 Qf7 18. Ne2 a5 19. a3 Nc6 20. Qd3 Qf5 21. Qd2 Ne7 22. 0-0-0 Ng8 23. Rdg1 Nh6 24. Rg5 Qf6 25. Qd3 Nf7 26. Rg3 Qf5 27. Qd1 Qh5 28. Rg4 Rh8 29. Ng3 Qh6 30. Qd3 Kg8 31. Rxg6 Qxf4+ 32. Qd2 Qxd2+ 33. Kxd2 Kh7 34. Rxe6 Rhe8 35. Rhe1 Nd6 36. Re7 Ne4+ 37. Nxe4 Rxe7 38. Ng5+ Kg6 39. Rxe7 Rh8 40. Re6+ Kf5 41. Re5+ Kf4 42. Rxd5 Rxh4 43. Ne6+ Kxf3 44. Nxg7 Ke4 45. Rd7 Rh2+ 46. Kc3 b5 47. b3 b4+ 48. axb4 axb4+ 49. Kxb4 Rxc2 50. Ne6 c6 51. Nc5+ Ke3 52. Ka5 Ra2+ 53. Kb6 Rd2 54. Kxc6 Rxd4 55. Rxd4 Kxd4 56. b4 Kc4 57. b5 Kb4 58. b6 Ka3 59. b7 Ka2 60. b8Q Ka1 61. Kd5 Ka2 62. Kc4 Ka1 63. Kc3 Ka2 64. Qb2# 1-0

[Event "Wch U08 Girls rapid"]
[Site "Batumi"]
[Date "2023.06.07"]
[Round "4"]
[White "Divi, Bijesh"]
[Black "Saltkhutsishvili, Sara"]
[Result "1-0"]
[WhiteElo "1269"]
[BlackElo "1219"]
[PlyCount "39"]
[EventDate "2023.06.06"]
[EventType "swiss (rapid)"]
[EventRounds "11"]
[EventCountry "GEO"]
[SourceTitle "EXT 2024"]
[Source "ChessBase"]
[SourceDate "2023.10.10"]
[SourceVersion "1"]
[SourceVersionDate "2023.10.10"]
[SourceQuality "1"]
[WhiteTeam "Indien"]
[BlackTeam "Georgia"]
[WhiteTeamCountry "IND"]
[BlackTeamCountry "GEO"]

1. e4 c6 2. d4 d5 3. Nc3 b5 4. a3 dxe4 5. Nxe4 Nf6 6. Nxf6+ exf6 7. c3 Be7 8. Nf3 0-0 9. Bd3 Bg4 10. Qc2 h6 11. Bf4 Re8 12. 0-0-0 Nd7 13. Bf5 Bxf5 14. Qxf5 a5 15. Qg4 Kh8 16. Nh4 b4 17. Nf5 Bf8 18. Bd6 g6 19. Bxf8 gxf5 20. Qg7# 1-0